00507nam a22001692 4500001001100000005001700011008004100028020002700069040001500096100003200111245005100143250001300194260004200207300002300249650003500272650003000307000000842020151217145840.0080411s xx 000 0 eng d a8131502635 :cKES 3100 aKABUcKABU1 aFarrell, Joyce.@000015898310aProgramming logic and design /cJoyce Farrell. a4th ed. aNew Delhi :bThomson Learning,c2007. axvi, 671, [53] p. 0aLogic programming.@0000155010 0aLogic design.@0000156421